| 000 | 01132nam a22002657a 4500 | ||
|---|---|---|---|
| 003 | OSt | ||
| 005 | 20260123084808.0 | ||
| 008 | 230709b ||||| |||| 00| 0 eng d | ||
| 040 | _cSSBUL | ||
| 041 | _ashan | ||
| 082 | _a294.3368 | ||
| 100 |
_aဢရိယၺႃႇၼ _cၸဝ်ႈသြႃႇ (ၼမ်ႉႁူးၼွႆႉ) _927631 |
||
| 245 |
_aဝွၵ်းသႅင်ထမ်းမၢႆ-ႁူၵ်း / _cၸဝ်ႈသြႃႇဢရိယၺႃႇၼ (ၼမ်ႉႁူးၼွႆႉ) |
||
| 260 |
_aဝဵင်းလိူဝ်ႇ _bဢွင်ႇသပေႇ _c2018 |
||
| 300 |
_aP၊ 88 ၼႃႈ _c19 ၸိၼ်ႇထီႇ |
||
| 500 | _aပပ်ႉၸဝ်ႈတႃႇၼႁင်းၶေႃတွၵ်ႉတိူဝ်ႇၸၢႆးဢွင်ႇထုၼ်းလူႇတၢၼ်းဝႆႉ ပပ်ႉမၢႆ-2350 ပပ်ႉၼိုင်ႈ။ | ||
| 500 | _aS-SAT: Dr. Prof Sai Aung Tun | ||
| 650 |
_aဝွၵ်း-ပုတ်ႉထၽႃႇသႃႇ _921962 |
||
| 942 | _cBK1 | ||
| 942 | _2ddc | ||
| 942 | _2ddc | ||
| 942 | _2ddc | ||
| 942 | _2ddc | ||
| 942 | _2ddc | ||
| 999 |
_c26954 _d26954 |
||